000 00753nam a2200253Ia 4500
003 IT-RoPAU
005 20220918175250.0
008 120407s9999 xx 000 0 und d
040 _aIT-RoPAU
040 _cIT-RoPAU
041 _alat
100 _aAugustinus
_936379
100 _csanctus
_934123
245 _aLa Genesi. Testo latino dell’edizione maurina confrontato con il corpus scriptorum ecclesiasticorum latinorum
250 _aRoma
260 _aCittà Nuova
260 _c1988
300 _c23.5 cm
490 _aOpere di S. Agostino
490 _v2
600 _a" 1° vol. Intr. di Penna - Di Giovanni 270 p. 2° vol. Intr. di Carrozzi.L. 900 p."
_936380
942 _cBK
_2ddc
999 _c470
_d470